Superfast lead at speed : how pace can drive performance

Bibliographic Details
Main Author: Devonshire, Sophie
Format: Book
Published: London : John Murray Press , 2019
Subjects:

MARC

LEADER 00000cam a2200000 7i4500
001 0000278981
005 20210317092753.0
020 |a 9781473666160 
090 0 0 |a 658.4092   |b DEV 
100 1 |a Devonshire, Sophie 
245 1 0 |a Superfast lead at speed :   |b how pace can drive performance   |c Sophie Devonshire 
260 |a London :   |b John Murray Press ,   |c 2019 
300 |a 350p. ;   |c 22cm. 
650 0 |a leadership 
999 |a 00385972   |b BUKU   |c PINJAMAN   |e PERPUSTAKAAN KOMUNITI CAW BANDAR UTAMA